000 00899nam a22002655i 4500
001 157808
003 ES-MaACL
005 20250704063120.0
008 990107e1873 fr |||| |dfre d
040 _aCCPB | B
_bspa
_cCCPB | B
080 _a001.1
100 1 _aLittré, Émile,
_d1801-1881
_eaut
_9128979
245 1 3 _aLa sciencie au point de vue philosophique /
_cpar É. Littré.
250 _a3e éd.
260 _aParis :
_bDidier et C\pie\s, Libraires-éditeurs,
_c1873.
300 _aVIII, 562 páginas ;
_c19 cm.
597 _aAntep.
597 _aSignaturizado.
650 4 _aCiencia-
_xFilosofía.
_910950
852 _aES-MaACL
_cSVI
_gFirma manuscrita Antonio Aura Boronat
_hDonativo de Antonio Aura Boronat
_jD-4964
_xHolandesa
852 _aES-MaACL
_cSPP2
_jF-12016
942 _2udc
_cMONANT
_n0
999 _c157808
_d157808